El Complot de Prats de Molló / Ricard Faura i Homedes
Descripción Física:
142 p. ; 20 cm
Colección:
Col·lecció la Rella
MARC
| LEADER | 00000nam a2200000Ia 4500 | ||
|---|---|---|---|
| 001 | 9561 | ||
| 008 | 160829s1991 xx 000 0 cat d | ||
| 080 | |a H-1-183 | ||
| 100 | |a Faura i Homedes, Ricard |9 31984 | ||
| 245 | |a El Complot de Prats de Molló / Ricard Faura i Homedes | ||
| 260 | |a Barcelona : |b El Llamp, |c 1991 | ||
| 300 | |a 142 p. ; |c 20 cm | ||
| 490 | |a Col·lecció la Rella | ||
| 590 | |a 1r. premi Enric Borràs i Cubells d'Història Militar de Catalunya, 1991 | ||
| 650 | |a Prats de Molló, Fets de, Catalunya, 1926 |9 25330 | ||
| 650 | 0 | |a Nacionalisme |z Catalunya |9 11008 | |
| 901 | |a Arxiu | ||
| 942 | |n 1 | ||
| 952 | |0 0 |1 0 |4 0 |6 H1183 |7 1 |9 45827 |a Arxiu |b Arxiu |d 2016-12-01 |l 0 |o H-1-183 |p 9561 |r 2016-12-01 00:00:00 |w 2016-12-01 |y ARXIU | ||
| 999 | |c 49327 |d 49327 | ||